000 00750nam a2200253Ia 4500
003 OSt
005 20220928124334.0
006 a|||||r|||| 00| 0
007 ta
008 220927b |||||||| |||| 00| 0 eng d
020 _c3378.9499999999998
024 _a127984
037 _b1668, 31/12/2015, The Book Seller
_cTextual
040 _aSDCL
_cSDCL
_beng
041 _2eng
_aeng
082 _aY:45, Q4
100 _aLab Steven P.
_9464481
245 0 _aCrime prevention
_b Approaches, practices, and evaluations
260 _aAmsterdam
_bElsevier
_c2014
300 _axv;433p.
_ccm.
650 _aApp Psychology
942 _hY:45, Q4
_cTEXL
_2CC
999 _c777391
_d777391